| 000 | 00952cam a2200301 a 4500 | ||
|---|---|---|---|
| 001 | 3276776 | ||
| 003 | NUST | ||
| 005 | 20201113094358.0 | ||
| 008 | 820427s1981 pk 000 0 eng | ||
| 010 | _a 81930816 | ||
| 020 | _cRs165.00 | ||
| 038 | _a0 | ||
| 040 |
_aDLC _cDLC _dDLC |
||
| 043 | _aa-pk--- | ||
| 050 | 0 | 0 |
_aKPL3564.31908 _b.A62 1981 |
| 082 | 0 | 0 |
_a347.549105 _a345.491075 _219 |
| 100 | 0 |
_aAamer Raza A. Khan. _912289 |
|
| 245 | 1 | 4 |
_aThe Code of civil procedure (Act V of 1908) Commentary _ccommentary by Aamer Raza A. Khan. |
| 250 | _a12th ed. | ||
| 260 |
_a[S.l. : _bs.n.], _c2019 _e(Lahore : _fRipon Print. Press) |
||
| 300 |
_axxiv, 1037 p. ; _c25 cm. |
||
| 500 | _aHard Cover | ||
| 650 | 0 |
_aCivil procedure _zPakistan. _912290 |
|
| 710 | 1 | 2 |
_aPakistan. _tCode of civil procedure, 1908. _f1981. _912291 |
| 906 |
_a0 _bcbc _corignew _d2 _encip _f19 _gy-gencatlg |
||
| 942 |
_2ddc _cBK _k347.549105 |
||
| 999 |
_c478873 _d478873 |
||